000
00231nam a22000857a 4500
008
160705b xxu||||| |||| 00| 0 eng d
100
_9
2090
_a
Vallikannan
245
_a
Madam Rides the Bus
260
_a
New Delhi
_b
National Book Trust
_c
1982
999
_c
1786
_d
1786